000 00356nam a22001577a 4500
003 OSt
005 20240406144837.0
008 180910b xxu||||| |||| 00| 0 eng d
020 _a9789327296075
040 _cIIMT UNIVERSITY
100 _aSINGH ,OMKAR
245 _aGENETICS
260 _aMEERUT
_bRAMA PUB
_c2018
300 _a339
942 _2ddc
_c02
999 _c44335
_d44335